000
002550000a22000970004500
100
1
_a
Duque Zuñiga, José
245
1
0
_a
Eclesialidad de la iglesia
300
_a
Vol. 15, Num 2 (Noviembre, 1995), Páginas 49-61
773
0
_t
Vida y pensamiento
942
_c
ANA
999
_c
53061
_d
53061